Essentials of Pediatric Nursing sem V and VI (Record no. 369161)

MARC details
000 -LEADER
fixed length control field 00594nam a2200193 4500
005 - DATE AND TIME OF LATEST TRANSACTION
control field 20251216121756.0
008 - FIXED-LENGTH DATA ELEMENTS--GENERAL INFORMATION
fixed length control field 251125b |||||||| |||| 00| 0 eng d
020 ## - INTERNATIONAL STANDARD BOOK NUMBER
International Standard Book Number 978-93-5696-703-8
041 ## - LANGUAGE CODE
Language code of text/sound track or separate title Eng
082 ## - DEWEY DECIMAL CLASSIFICATION NUMBER
Edition number 4th/ RP2025
Classification number P 610.7362 SHA
Item number B11822
100 ## - MAIN ENTRY--PERSONAL NAME
Author Sharma, Rimple
245 ## - TITLE STATEMENT
Title Essentials of Pediatric Nursing sem V and VI
250 ## - EDITION STATEMENT
Edition statement 4th/RP2025
260 ## - PUBLICATION, DISTRIBUTION, ETC.
Place of publication, distribution, etc. New Delhi
Name of publisher, distributor, etc. Jaypee Brothers Medical Publisher
Date of publication, distribution, etc. 2024
300 ## - PHYSICAL DESCRIPTION
Extent xxi,570p
Other physical details pb
Dimensions 26x20.5cm
365 ## - TRADE PRICE
Price type code Rupaye
Price amount 895
Currency code INR
521 ## - TARGET AUDIENCE NOTE
Target audience note Essentials of Pediatric Nursing<br/>Sem V and VI
942 ## - ADDED ENTRY ELEMENTS (KOHA)
Koha item type Books
Holdings
Withdrawn status Lost status Source of classification or shelving scheme Damaged status Not for loan Collection code Home library Current library Date acquired Vendor Budget Code Net Price Bill number Total Checkouts Full call number Barcode Date last seen Discount Actual Price Bill Date Koha item type Original Barcode Total Renewals Date last checked out Date due
    Dewey Decimal Classification   Reference Reference Smt. Bakul Tambat Institute of Nursing Education Smt. Bakul Tambat Institute of Nursing Education 18/11/2025 Patil Medical Book BTINE GNM 554.90 2026   P 610.7362 SHA B11822 BTIN-BK-11822 25/11/2025 38% 895.00 29/10/2025 Books BTIN-BK-11822      
    Dewey Decimal Classification     Non-fiction Smt. Bakul Tambat Institute of Nursing Education Smt. Bakul Tambat Institute of Nursing Education 18/11/2025 Patil Medical Book BTINE GNM 554.90 2026 3 P 610.7362 SHA B11823 BTIN-BK-11823 10/03/2026 38% 895.00 29/10/2025 Books BTIN-BK-11823 2 21/02/2026  
    Dewey Decimal Classification     Non-fiction Smt. Bakul Tambat Institute of Nursing Education Smt. Bakul Tambat Institute of Nursing Education 18/11/2025 Patil Medical Book BTINE GNM 554.90 2026 2 P 610.7362 SHA B11824 BTIN-BK-11824 19/01/2026 38% 895.00 29/10/2025 Books BTIN-BK-11824 2 08/12/2025  
    Dewey Decimal Classification     Non-fiction Smt. Bakul Tambat Institute of Nursing Education Smt. Bakul Tambat Institute of Nursing Education 18/11/2025 Patil Medical Book BTINE GNM 554.90 2026 5 P 610.7362 SHA B11825 BTIN-BK-11825 25/03/2026 38% 895.00 29/10/2025 Books BTIN-BK-11825 3 25/03/2026 08/04/2026
    Dewey Decimal Classification     Non-fiction Smt. Bakul Tambat Institute of Nursing Education Smt. Bakul Tambat Institute of Nursing Education 18/11/2025 Patil Medical Book BTINE GNM 554.90 2026 2 P 610.7362 SHA B11826 BTIN-BK-11826 29/01/2026 38% 895.00 29/10/2025 Books BTIN-BK-11826 1 15/12/2025  
    Dewey Decimal Classification     Non-fiction Smt. Bakul Tambat Institute of Nursing Education Smt. Bakul Tambat Institute of Nursing Education 18/11/2025 Patil Medical Book BTINE GNM 554.90 2026 3 P 610.7362 SHA B11827 BTIN-BK-11827 25/03/2026 38% 895.00 29/10/2025 Books BTIN-BK-11827 3 25/03/2026 08/04/2026